| 000 | 01187nmc a2200361 a 4500 | ||
|---|---|---|---|
| 003 | AR-BaBNM | ||
| 005 | 20251128210739.0 | ||
| 008 | 231020s2001 ||||||||||||||000 | spa|| | ||
| 020 | _a84-7112-443-2 | ||
| 040 | _cAR-BaBNM | ||
| 100 | 1 |
_aCondorcet, Jean-Antoine-Nicolas de Caritat _cmarqués de _d1743-1794 |
|
| 245 | 1 | 0 | _aCinco memorias sobre la instrucción pública y otros escritos |
| 260 |
_aMadrid _bEdiciones Morata _c2001 |
||
| 300 | 0 | _a338 p. | |
| 490 | 0 | _aPedagogía. Raíces de la memoria | |
| 500 | 0 | _aContiene cronología | |
| 500 | 0 | _aIncluye dossier con discursos pronunciados por el Marqués de Condorcet | |
| 504 | _aContiene bibliografía p. 259-274 | ||
| 600 | 1 | 4 |
_aTalleyrand-Périgord, Charles Maurice de _d1754-1838 |
| 600 | 1 | 4 | _aQuintana, Manuel José |
| 650 | 4 | _aHISTORIA DE LA EDUCACION | |
| 650 | 4 | _aORGANIZACION DE LA EDUCACION | |
| 650 | 4 | _aESCUELAS PUBLICAS | |
| 650 | 4 | _aHISTORIA DE LAS IDEAS | |
| 651 | 4 | _aFrancia | |
| 651 | 4 | _aEspaña | |
| 653 | _aSISTEMA EDUCATIVO | ||
| 653 | _aREVOLUCION FRANCESA | ||
| 700 | 1 |
_aAmo, Tomás del _etraductor |
|
| 700 | 1 |
_aGabriel, Narciso de _eprologuista |
|
| 942 | _cBK | ||
| 998 | _cRAQUEL | ||
| 999 |
_c16721 _d16721 |
||